[Event "ACP Blitz Prelim1"]
[Site "playchess.com INT"]
[Date "2004.04.12"]
[Round "7"]
[White "Fontaine,R"]
[Black "Volkov,S1"]
[Result "0-1"]
[WhiteElo "2525"]
[BlackElo "2629"]

1.e4 e6 2.d4 d5 3.Nc3 Nf6 4.e5 Nfd7 5.f4 c5 6.Nf3 Qb6 7.Bb5 a6 8.Bxd7+ Bxd7
9.Ne2 Bb5 10.O-O cxd4 11.Kh1 Nc6 12.f5 exf5 13.Bf4 Be7 14.Re1 Bxe2 15.Qxe2 O-O
16.b3 Rfe8 17.Rad1 Bb4 18.Bd2 Bxd2 19.Qxd2 Rac8 20.Qf4 Nb4 21.Nxd4 Nxc2 22.Nxc2 Rxc2
23.Qxf5 Rxa2 24.Rxd5 Qxb3 25.Rd7 g6 26.Qf6 Qe6 27.Rd8 Rxd8 28.Qxd8+ Kg7 29.h3 Qc6
30.Qg5 h6 31.Qg3 Qe6 32.Rf1 Re2 33.Qf3 Rxe5 34.Qxb7 Qc4 35.Ra1 Rb5 36.Qe7 a5
37.Qa7 Qc5 38.Qd7 Qd5 39.Qc7 Rc5 40.Qe7 Qe5 41.Qxe5+ Rxe5 42.Kg1 h5 43.Kf2 h4
44.Kf3 g5 45.Kg4 Kg6 46.Rb1 Re3 47.Rb6+ f6  0-1

[Event "ACP Blitz Prelim1"]
[Site "playchess.com INT"]
[Date "2004.04.12"]
[Round "13"]
[White "Lobron,E"]
[Black "Volkov,S1"]
[Result "1/2-1/2"]
[WhiteElo "2493"]
[BlackElo "2629"]

1.e4 e6 2.d4 d5 3.Nc3 Nf6 4.e5 Nfd7 5.f4 c5 6.Nce2 Qb6 7.Nf3 Nc6 8.c3 a5
9.f5 exf5 10.Nf4 Ne7 11.Bd3 cxd4 12.cxd4 g6 13.h4 h6 14.Qe2 Nb8 15.Bb5+ Nbc6
16.b3 Bg7 17.Ba3 Be6 18.Bc5 Qd8 19.h5 g5 20.Nxe6 fxe6 21.g4 f4 22.Qd3 Kf7
23.Rc1 Nb4 24.Qb1 Nbc6 25.O-O Rf8 26.Qh7 Rh8 27.Qd3 Kg8 28.Rc2 Rh7 29.Rfc1 Bf8
30.Bxe7 Nxe7 31.Rc7 Rb8 32.Rd7 Qb6 33.Rcc7 Rg7 34.a4 Kh8 35.Kg2 Kg8 36.Kh3 Kh8
37.Kg2 Kg8 38.Kh3 Kh8 39.Kg2  1/2-1/2

[Event "ACP Blitz Prelim2"]
[Site "playchess.com INT"]
[Date "2004.04.13"]
[Round "1"]
[White "Shomoev,A"]
[Black "Glek,I"]
[Result "1/2-1/2"]
[WhiteElo "2487"]
[BlackElo "2571"]

1.e4 e6 2.d4 d5 3.Nc3 Nf6 4.e5 Nfd7 5.f4 c5 6.Nf3 Nc6 7.Be3 a6 8.Qd2 b5 9.a3 Bb7
10.Bd3 g6 11.O-O cxd4 12.Nxd4 Nxd4 13.Bxd4 Bc5 14.Qf2 Bxd4 15.Qxd4 Qb6 16.Ne2 Qxd4+
17.Nxd4 Nc5 18.Kf2 h5 19.Ke3 Ke7 20.h4 Rhc8 21.g3 Rc7 22.Rf2 Na4 23.Rb1 Bc6
24.c3 Bd7 25.Bc2 Nb6 26.Bd3 Rb8 27.Rc2 Na4 28.Bf1 a5 29.Kd2 b4 30.cxb4 Rxc2+
31.Kxc2 axb4 32.axb4 Rxb4 33.Nf3 d4 34.b3 Nc5 35.Bc4 Bc6 36.Nxd4 Be4+ 37.Kc3 Bxb1
38.Kxb4 Ne4 39.Ne2 Bc2 40.Ba6 Bd1 41.Bb7 Nd2 42.Nc3 Bxb3 43.Ne4 Nxe4 44.Bxe4 Bd1
45.Kc5 Bg4 46.Kb6 Bd1 47.Kc7 Be2 48.Bc6 Bd1 49.Be4 Be2 50.Bc6 Bd1 51.Be4  1/2-1/2

[Event "ACP Blitz Prelim2"]
[Site "playchess.com INT"]
[Date "2004.04.13"]
[Round "4"]
[White "Macieja,B"]
[Black "Grabuzova,T"]
[Result "0-1"]
[WhiteElo "2633"]
[BlackElo "2348"]

1.e4 e6 2.d4 d5 3.Nc3 Nf6 4.e5 Nfd7 5.f4 c5 6.Nf3 Nc6 7.Be3 cxd4 8.Nxd4 Bc5
9.Qd2 Nxd4 10.Bxd4 Bxd4 11.Qxd4 Qb6 12.Nb5 Qxd4 13.Nxd4 Nc5 14.Bd3 Ke7 15.Kd2 Bd7
16.g4 h5 17.h3 g6 18.Raf1 Rag8 19.Ke3 Rg7 20.f5 gxf5 21.gxf5 Rg3+ 22.Kf2 Rxd3
23.f6+ Kf8 24.cxd3 Nxd3+ 25.Ke2 Nxe5 26.Rhg1 Nc6 27.Nxc6 Bxc6 28.Rf2 e5 29.Rg5 e4
30.Ke3 Ke8 31.Rff5 h4 32.Re5+ Kd7 33.Re7+ Kd6 34.Rxf7 Ke6 35.Rfg7 Kxf6 36.Kf4 Rh6
37.Rg8 d4 38.Rd8 d3 39.Rf5+ Ke7 40.Rd4 Re6 41.Ke3 Rg6 42.Rf4 Rg3+ 43.Kd2 Rxh3
44.b4 Ke6 45.Rd8 Ke5 46.Rf7 Rh2+ 47.Kc3 Rc2+ 48.Kb3 Bd5+ 49.Rxd5+ Kxd5 50.Rh7 Rh2
51.Rxb7 Kd4 52.Rd7+ Ke3 53.Rxa7 d2 54.Rd7 Ke2 55.Kc2 Ke1 56.Rxd2 Rxd2+ 57.Kb3 e3  0-1

[Event "ACP Blitz Prelim2"]
[Site "playchess.com INT"]
[Date "2004.04.13"]
[Round "8"]
[White "Macieja,B"]
[Black "Glek,I"]
[Result "1-0"]
[WhiteElo "2633"]
[BlackElo "2571"]

1.e4 e6 2.Nc3 d5 3.d4 Nf6 4.e5 Nfd7 5.f4 c5 6.Nf3 Nc6 7.Be3 cxd4 8.Nxd4 Bc5
9.Qd2 Nxd4 10.Bxd4 Bxd4 11.Qxd4 Qb6 12.Nb5 Qxd4 13.Nxd4 Nc5 14.Bd3 Bd7 15.Kd2 Ke7
16.g4 h5 17.h3 g6 18.f5 gxf5 19.gxf5 exf5 20.Nxf5+ Bxf5 21.Bxf5 Rae8 22.Ke3 Ne6
23.Rhg1 Rhg8 24.h4 Rc8 25.Bd3 d4+ 26.Ke4 Rgd8 27.b4 Rc3 28.Rab1 a5 29.bxa5 Nc5+
30.Kf5 Rd7 31.Rg7 Ne6 32.Rh7 Rc5 33.Rb5 Rdc7 34.Rb6 Kf8 35.Kf6 Kg8 36.a6 R5c6
37.Rxc6 Rxc6 38.axb7 Nd8+ 39.Kg5 Nxb7 40.Rxh5  1-0

[Event "ACP Blitz Prelim2"]
[Site "playchess.com INT"]
[Date "2004.04.13"]
[Round "14"]
[White "Shomoev,A"]
[Black "Grabuzova,T"]
[Result "1-0"]
[WhiteElo "2487"]
[BlackElo "2348"]

1.e4 e6 2.d4 d5 3.Nc3 Nf6 4.e5 Nfd7 5.f4 c5 6.Nf3 Nc6 7.Be3 cxd4 8.Nxd4 Bc5
9.Qd2 Bxd4 10.Bxd4 Nxd4 11.Qxd4 Qb6 12.Qxb6 Nxb6 13.O-O-O Ke7 14.Bd3 Bd7
15.Ne2 Na4 16.Nd4 Nc5 17.Kd2 h5 18.Rhe1 Rag8 19.Nf3 a6 20.b3 Bc6 21.Ke3 Nd7
22.g3 f6 23.Kd4 Bb5 24.exf6+ gxf6 25.Bf5 Nf8 26.Kc3 Kf7 27.Bh3 Bd7 28.f5 exf5
29.Rxd5 Be6 30.Rd6 Bc8 31.Kb2 Ng6 32.Nd4 f4 33.Bxc8 Rxc8 34.Rd7+ Kg8 35.gxf4 Rh7
36.Rxh7 Kxh7 37.Re6 Kg7 38.Nf5+ Kf7 39.Rb6 Rc7 40.Rxb7 Rxb7 41.Nd6+ Ke6 42.Nxb7 Nxf4
43.Nc5+ Kd5 44.Nxa6 Ne2 45.c4+ Kd6 46.Kc2 f5 47.Kd3 Nc1+ 48.Ke3 Nxa2 49.Kf4 Nc1
50.b4 Nd3+ 51.Kxf5 Ne5 52.c5+ Kd5 53.b5 Nf3 54.b6 Kc6 55.Nb4+ Kb7 56.h3 Ng1
57.Ke6 Nxh3 58.Kd7 Nf4 59.c6+ Kxb6 60.c7  1-0

[Event "ACP Blitz Prelim3"]
[Site "playchess.com INT"]
[Date "2004.04.14"]
[Round "1"]
[White "Landa,K"]
[Black "Luther,T"]
[Result "0-1"]
[WhiteElo "2550"]
[BlackElo "2577"]

1.e4 e6 2.d4 d5 3.Nc3 Nf6 4.e5 Nfd7 5.f4 c5 6.Nf3 a6 7.Ne2 b6 8.c3 a5 9.g3 Ba6
10.Bg2 g6 11.O-O h5 12.Be3 Nc6 13.Qd2 Ne7 14.Rfe1 Nf5 15.Bf2 a4 16.b3 Be7
17.Rad1 b5 18.Nc1 c4 19.b4 Nb6 20.a3 Kd7 21.Kf1 Kc6 22.Ng5 Nh6 23.Bg1 Qd7
24.Bf3 Rag8 25.Kg2 Bc8 26.h3 Nf5 27.Bh2 Qe8 28.Rh1 Nd7 29.Rdg1 Kb6 30.Ne2 Ka6
31.Kf2 f6 32.exf6 Nxf6 33.Ke1 Bb7 34.Qc2 Ne3 35.Qd2 Nf5 36.Nxe6 Bd6 37.Nc5+ Bxc5
38.dxc5 Ne4 39.Qc1 Rh7 40.Kd1 d4 41.Nxd4 Nxd4 42.cxd4 Nf2+ 43.Kc2 Bxf3 44.Re1 Be4+
45.Kc3 Nxh1 46.Qd2 Re7 47.g4 Bd5 48.Re5 hxg4 49.hxg4 Rh8 50.f5 Rh3+ 51.Kc2 Be4+
52.Kc1 gxf5 53.Qg5 Rxe5 54.Bxe5 Nf2 55.Qf6+ Qc6 56.Qe7 Rh1+ 57.Kd2 c3+ 58.Ke3 Nxg4+
59.Kf4 Nxe5 60.dxe5 Qh6+ 61.Kg3 Qe3+  0-1

[Event "ACP Blitz Prelim3"]
[Site "playchess.com INT"]
[Date "2004.04.14"]
[Round "14"]
[White "Berg,E"]
[Black "Luther,T"]
[Result "1-0"]
[WhiteElo "2495"]
[BlackElo "2577"]

1.e4 e6 2.d4 d5 3.Nc3 Nf6 4.e5 Nfd7 5.f4 c5 6.Nf3 Nc6 7.Be3 a6 8.Qd2 b5 9.dxc5 Bxc5
10.Bxc5 Nxc5 11.Qf2 Qb6 12.Bd3 b4 13.Ne2 a5 14.O-O Ba6 15.Rad1 h6 16.Kh1 g6
17.Qh4 Qd8 18.Qf2 Qe7 19.Ned4 Nxd4 20.Nxd4 Qc7 21.Bb5+ Kf8 22.Bd3 Qb6 23.Nb3 Na4
24.Qh4 Nxb2 25.Qf6 Rg8 26.f5 gxf5 27.Rxf5 Rg7 28.Rdf1 Nxd3 29.Qxh6 Nxe5 30.Rg5 Bxf1
31.Qxg7+ Ke7 32.Qxe5 Qd6 33.Qe1 Rh8 34.Rg3 Bc4 35.Nd4 Kd7 36.h3 f5 37.Rg7+ Kc8
38.Ra7 Kb8 39.Rxa5 f4 40.Ra4 f3 41.Rxb4+ Kc8 42.Nxf3 Qf4 43.Qxe6+  1-0

[Event "6th Open"]
[Site "Dubai UAE"]
[Date "2004.04.25"]
[Round "7"]
[White "Salem,Gh"]
[Black "Megaranto,S"]
[Result "1/2-1/2"]
[WhiteElo "2342"]
[BlackElo "2458"]

1.e4 e6 2.d4 d5 3.Nc3 Nf6 4.e5 Nfd7 5.f4 c5 6.Nf3 Nc6 7.Be3 a6 8.Qd2 b5 9.dxc5 Bxc5
10.Bxc5 Nxc5 11.Qf2 Qb6 12.Bd3 Bd7 13.O-O b4 14.Ne2 Na4 15.Qxb6 Nxb6 16.Nfd4 O-O
17.Nxc6 Bxc6 18.Nd4 Bd7 19.a3 a5 20.b3 Rfc8 21.g4 bxa3 22.Rxa3 a4 23.Rfa1 Kf8
24.f5 Ke7 25.Kf2 axb3 26.Rxa8 Rxa8 27.Rxa8 b2 28.Nc6+ Bxc6 29.Ra7+ Kf8 30.c3 Nc4
31.Rc7 Nxe5 32.Bb1 Ba4 33.Kg3 Nc4 34.Rb7 Bc6 35.Rb8+ Ke7 36.fxe6 Kxe6 37.Bd3 Ne5
38.Bxh7 g6 39.Rxb2 Nc4 40.Ra2 Bb5 41.Bg8 Nd6 42.Kf4 Kf6 43.Ra8 g5+ 44.Ke3 Kg7
45.Rd8 Nc4+ 46.Kd4 Ba6 47.Rxd5 Kxg8 48.Rxg5+ Kh7 49.Rf5 Kg7 50.h4 Nd6 51.Rg5+ Kh7
52.Re5 Kg7 53.Rc5 Nc4 54.Rg5+ Kh7  1/2-1/2

[Event "Masters"]
[Site "Victoria AUS"]
[Date "2004.04.27"]
[Round "5"]
[White "Levi,E"]
[Black "Lukey,S"]
[Result "0-1"]
[WhiteElo "2290"]
[BlackElo "2281"]

1.e4 e6 2.d4 d5 3.Nc3 Nf6 4.e5 Nfd7 5.Nce2 c5 6.f4 Nc6 7.Nf3 Qb6 8.c3 f6
9.a3 Be7 10.h4 O-O 11.h5 a5 12.h6 g6 13.Rh3 a4 14.g4 cxd4 15.cxd4 fxe5 16.fxe5 Rxf3
17.Rxf3 Bh4+ 18.Kd2 Nxd4 19.Nxd4 Qxd4+ 20.Rd3 Qf2+ 21.Qe2 Nxe5 22.Qxf2 Bxf2
23.Rc3 Bb6 24.Ke2 Bd7 25.Bh3 Rf8 26.Bg5 Rf2+ 27.Kd1 Nc4 28.Rac1 Bb5 29.R1c2 Rf8
30.Bd2 Bd4 31.g5 Re8 32.Rf3 Nxb2+ 33.Kc1 Nd3+ 34.Kd1 Ne5 35.Rf6 Bc4 36.Bxe6+ Kh8
37.Bb4 Nc6 38.Rf7 Nxb4 39.axb4 a3 40.Bxd5 Bxd5  0-1

[Event "ch-LTU"]
[Site "Vilnius LTU"]
[Date "2004.04.30"]
[Round "11"]
[White "Malisauskas,V"]
[Black "Sarakauskas,G"]
[Result "1-0"]
[WhiteElo "2525"]
[BlackElo "2430"]

1.e4 e6 2.d4 d5 3.Nc3 Nf6 4.e5 Nfd7 5.f4 c5 6.Nf3 Nc6 7.Be3 Qb6 8.Na4 Qa5+
9.c3 cxd4 10.b4 Qc7 11.Nxd4 a6 12.Qd2 b5 13.Nb2 Nb6 14.a4 Nc4 15.Nxc4 bxc4
16.Nxc6 Qxc6 17.Bd4 Be7 18.Be2 O-O 19.h4 f6 20.Rh3 Bd7 21.Bf3 fxe5 22.fxe5 Qc7
23.Bg4 Rf7 24.h5 h6 25.Rf3 Raf8 26.Qc2 Bh4+ 27.Ke2 Rxf3 28.gxf3 Bg3 29.Bxe6+ Bxe6
30.Qg6 Bf7 31.Qxg3 Bxh5 32.b5 Qf7 33.e6 Qxe6+ 34.Kd2 Rf7 35.Rg1 Kh7 36.Qxg7+  1-0

[Event "1st ACP Women Blitz"]
[Site "playchess.com INT"]
[Date "2004.05.02"]
[Round "10"]
[White "Ambrosi,E"]
[Black "Kiseleva,N"]
[Result "0-1"]
[WhiteElo "2118"]
[BlackElo "2344"]

1.e4 e6 2.d4 d5 3.Nc3 Nf6 4.e5 Nfd7 5.f4 c5 6.Nf3 Nc6 7.Be3 a6 8.Qd2 b5 9.dxc5 b4
10.Na4 Qa5 11.Nb6 Nxb6 12.cxb6 Bc5 13.Bxc5 Qxc5 14.Qf2 Qxf2+ 15.Kxf2 Rb8
16.Bd3 Rxb6 17.Rad1 a5 18.Rd2 Ke7 19.Ke3 f6 20.Rhd1 Bd7 21.h4 Rbb8 22.g4 h5
23.Rg2 Rbg8 24.Rdg1 fxe5 25.fxe5 Kf8 26.Bg6 Ne7 27.gxh5 Nxg6 28.hxg6 Ke7
29.Rf2 Rh5 30.Rg5 Rgh8 31.Rg4 Be8 32.c3 bxc3 33.bxc3 Rf8 34.c4 Rhf5 35.c5 d4+
36.Rxd4 Bc6 37.Re4 Bxe4 38.Kxe4 Rf4+ 39.Ke3 Rc4 40.c6 Rxc6 41.h5 Rc3+ 42.Ke4 a4
43.Rf1 a3 44.Rf2 Rc4+ 45.Ke3 Rc3+ 46.Ke4 Rc1 47.Rd2 Rc4+ 48.Nd4 Rd8 49.Ke3 Rd7
50.Ke4 Rd5 51.Rd3 Rcc5 52.Kf4 Rc4 53.Ke4 Rcc5 54.Kf4 Rc1 55.Ke3 Re1+ 56.Kd2 Rh1
57.Nc6+ Kd7 58.Nd4 Rxh5 59.Kc3 Rhxe5 60.Nc2 Rxd3+ 61.Kxd3 Rg5 62.Nxa3 Rg3+
63.Kc4 Rxa3 64.Kb5 Rxa2 65.Kb6 Rg2 66.Kb7 Rxg6 67.Kb6 e5+ 68.Kb5 e4 69.Kc4 Rd6  0-1

[Event "7th United Insurance"]
[Site "Dhaka BAN"]
[Date "2004.05.09"]
[Round "3"]
[White "Abu Sufian,S"]
[Black "Dutta,Sa"]
[Result "1/2-1/2"]
[WhiteElo "2325"]
[BlackElo "2316"]

1.e4 e6 2.d4 d5 3.Nc3 Nf6 4.e5 Nfd7 5.f4 c5 6.Nf3 Nc6 7.Be3 a6 8.Qd2 b5 9.a3 Bb7
10.Bd3 cxd4 11.Nxd4 Nxd4 12.Bxd4 Bc5 13.Ne2 Qh4+ 14.g3 Qe7 15.O-O O-O 16.Rae1 f5
17.exf6 Nxf6 18.Qe3 Bxd4 19.Nxd4 Ne4 20.Nf3 Rac8 21.c3 h6 22.Nd2 Nxd2 23.Qxd2 Qc5+
24.Qe3 Qxe3+ 25.Rxe3 Rc6 26.Rd1 Bc8 27.Be2 Bd7 28.Re5 Rb8 29.Bf3 Rd6 30.Kf2 a5
31.Ke3 Rc8 32.Rd4 Kf8 33.g4 g6 34.h4 Rb6 35.f5 exf5 36.Rexd5 Be6 37.Rd6 Rxd6
38.Rxd6 Kf7 39.Rb6 Rc5 40.gxf5 gxf5 41.Be2 Re5+ 42.Kf2 Bc4 43.Bxc4+ bxc4
44.a4 h5 45.Kf3 Re4 46.Rb5 Kf6 47.Rxa5 Rxh4 48.Rb5 Rh1 49.Rb4 Rb1 50.a5 Kg5
51.Rxc4 Rxb2 52.Ra4 Rb3 53.a6 Rxc3+ 54.Kf2 Rc8 55.a7 Ra8 56.Kg3  1/2-1/2

[Event "1st Open"]
[Site "Kranj SLO"]
[Date "2004.05.09"]
[Round "3"]
[White "Nikolov,Sas"]
[Black "Kozamernik,J"]
[Result "1-0"]
[WhiteElo "2392"]
[BlackElo "2182"]

1.e4 e6 2.d4 d5 3.Nc3 Nf6 4.e5 Nfd7 5.f4 c5 6.Nf3 Nc6 7.Be3 cxd4 8.Nxd4 Qb6
9.a3 Bc5 10.Na4 Qa5+ 11.c3 Bxd4 12.Bxd4 Nxd4 13.Qxd4 b6 14.Qb4 Qxb4 15.axb4 a5
16.b5 f6 17.exf6 gxf6 18.g3 Rb8 19.Bh3 Kf7 20.O-O Rd8 21.Rfe1 Nf8 22.Rad1 Bd7
23.Bf1 Ng6 24.c4 Ne7 25.b3 Nf5 26.cxd5 exd5 27.Rxd5 Be6 28.Rxd8 Rxd8 29.Bc4 Bxc4
30.bxc4 Rd2 31.Nxb6 Rc2 32.Ra1 h5 33.Rxa5 h4 34.gxh4 Nxh4 35.Ra3 Kg6 36.Rg3+ Kf5
37.Nd5 Ke4 38.Nxf6+ Kd4 39.Rh3 Ng6 40.f5 Ne5 41.Rh4+ Kd3 42.Rf4 Nxc4 43.Ng4  1-0

[Event "Karadjordje-Serbia"]
[Site "Topola SCG"]
[Date "2004.05.10"]
[Round "7"]
[White "Pikula,D"]
[Black "Jeremic,V"]
[Result "1-0"]
[WhiteElo "2523"]
[BlackElo "2490"]

1.e4 e6 2.d4 d5 3.Nc3 Nf6 4.e5 Nfd7 5.f4 c5 6.Nf3 Nc6 7.Be3 a6 8.Qd2 b5 9.a3 Qb6
10.Ne2 g6 11.dxc5 Bxc5 12.Ned4 Qc7 13.Bd3 Be7 14.Nxc6 Qxc6 15.h4 h5 16.b4 Nb6
17.Bd4 Nc4 18.Qc1 Bd7 19.O-O Kd8 20.Ng5 Rf8 21.c3 Kc7 22.Rf2 a5 23.Rfa2 Qa6
24.Bxc4 bxc4 25.Qe3 Qc6 26.bxa5 Rxa5 27.Rb1 Rb5 28.Rab2 Rfb8 29.Rb4 Be8 30.Nh7 Qa6
31.Nf6 Bc6 32.f5 Qxa3 33.Rxb5 Rxb5 34.Rxb5 Bxb5 35.fxg6 fxg6 36.Kh2 Ba4 37.Qh6 Bc2
38.Qg7 Bf5 39.Qf7 Kc6 40.Qe8+ Kc7 41.Qd7+ Kb8 42.Bb6  1-0

[Event "1st Open"]
[Site "Kranj SLO"]
[Date "2004.05.11"]
[Round "6"]
[White "Markun,B"]
[Black "Kozamernik,J"]
[Result "1-0"]
[WhiteElo "2286"]
[BlackElo "2182"]

1.e4 e6 2.d4 d5 3.Nc3 Nf6 4.e5 Nfd7 5.f4 c5 6.Nf3 Nc6 7.Be3 a6 8.Qd2 b5 9.dxc5 Bxc5
10.Bxc5 Nxc5 11.Qf2 Qb6 12.Bd3 b4 13.Ne2 a5 14.O-O Ba6 15.Rad1 Rb8 16.Ned4 Nxd4
17.Nxd4 O-O 18.f5 Bxd3 19.cxd3 f6 20.exf6 Rxf6 21.Qe3 exf5 22.Nxf5 Re6 23.Qf2 Nd7
24.d4 Nf6 25.Qg3 g6 26.Ne3 Rf8 27.Qg5 Qd6 28.Rc1 Rfe8 29.Nf5 Qb6 30.Kh1 Kh8
31.Ng3 Qxd4 32.Rc7 Ng4 33.Rcf7 Re1 34.h3 Rxf1+ 35.Nxf1 Nf2+ 36.Kh2 Qe5+ 37.Qxe5+ Rxe5
38.Rxf2  1-0

[Event "Capablanca Mem Premier II"]
[Site "Havana CUB"]
[Date "2004.05.12"]
[Round "7"]
[White "Kallio,H"]
[Black "Borges Mateos,J"]
[Result "0-1"]
[WhiteElo "2484"]
[BlackElo "2426"]

1.e4 e6 2.d4 d5 3.Nc3 Nf6 4.e5 Nfd7 5.f4 c5 6.Nf3 Nc6 7.Be3 Be7 8.Qd2 a6
9.O-O-O c4 10.f5 b5 11.fxe6 fxe6 12.Ne2 b4 13.Bg5 c3 14.Qf4 cxb2+ 15.Kxb2 Nb6
16.Ka1 Na4 17.Rb1 Rb8 18.h4 Na5 19.Nd2 Nc4 20.Nxc4 dxc4 21.Rh3 Rf8 22.Qc1 a5
23.Rf3 Bb7 24.Rxf8+ Kxf8 25.Qe3 Bd5 26.Nf4 Nc3 27.Re1 Kg8 28.Nxd5 exd5 29.Bxe7 Qxe7
30.e6 Qf6 31.Qe5 Qxe5 32.Rxe5 Kf8 33.Be2 Ke7 34.Bf3 Rf8 35.Kb2 Rf4 36.h5 h6
37.a3 Rxd4 38.axb4 axb4 39.Rf5 Kxe6 40.Rf8 Na4+ 41.Kc1 Nc5 42.Rc8 Kd6 43.Rd8+ Ke5
44.Rc8 Ne6 45.Rb8 c3 46.Rb7 Rh4 47.Kb1 Rh1+ 48.Ka2 Rc1 49.Rxb4 Nd4 50.Rb7 Rxc2+
51.Ka3 Nxf3 52.gxf3 Rg2 53.Rc7 Kd4 54.Rd7 Kc4 55.f4 d4 56.f5 Kd3 57.Rc7 Rg1
58.Ka2 c2 59.f6 c1=Q 60.Rc3+ Kxc3  0-1

[Event "Chicago Open"]
[Site "Chicago USA"]
[Date "2004.05.31"]
[Round "7"]
[White "Friedel,J"]
[Black "Duncan,J"]
[Result "1-0"]
[WhiteElo "2398"]
[BlackElo "2107"]

1.e4 e6 2.d4 d5 3.Nc3 Nf6 4.e5 Nfd7 5.f4 c5 6.Nf3 Nc6 7.Be3 f6 8.exf6 Qxf6
9.Nb5 Qd8 10.f5 cxd4 11.Nfxd4 Nf6 12.Nxe6 Bxe6 13.fxe6 a6 14.Nd4 Bd6 15.Bd3 O-O
16.Qe2 Re8 17.O-O Ne5 18.Bg5 Nxd3 19.Bxf6 gxf6 20.Qxd3 Be5 21.Rae1 Qd6 22.Re3 Rac8
23.Kh1 Rc7 24.c3 Kh8 25.Rfe1 b5 26.Qf5 Rg7 27.Qh5 Qf8 28.Rf1 Qg8 29.Rxe5 fxe5
30.Qxe5 Re7 31.Rf6 Rg5 32.Nf5 Reg7 33.Rf7 Rxg2 34.Rxg7 Rxg7 35.e7  1-0

[Event "TCh-BIH"]
[Site "Neum BIH"]
[Date "2004.05.31"]
[Round "3"]
[White "Prelevic,D"]
[Black "Trkulja,G"]
[Result "1-0"]
[WhiteElo "2328"]
[BlackElo "2293"]

1.e4 e6 2.d4 d5 3.Nc3 Nf6 4.e5 Ne4 5.Nce2 f5 6.h4 Be7 7.g3 O-O 8.Bf4 g5 9.hxg5 Nxg5
10.Bxg5 Bxg5 11.Nh3 Be7 12.Nef4 c5 13.Qh5 Rf7 14.g4 Qa5+ 15.Kd1 fxg4 16.Rg1 Kf8
17.Ng6+ Ke8 18.Nh8 gxh3 19.Qxf7+ Kd7 20.Qxe6+  1-0

[Event "TCh-BIH"]
[Site "Neum BIH"]
[Date "2004.06.01"]
[Round "4"]
[White "Palac,M"]
[Black "Goric,E"]
[Result "1/2-1/2"]
[WhiteElo "2565"]
[BlackElo "2385"]

1.e4 e6 2.d4 d5 3.Nc3 Nf6 4.e5 Nfd7 5.f4 c5 6.Nf3 Nc6 7.Be3 cxd4 8.Nxd4 Nxd4
9.Bxd4 Nb8 10.Bd3 Nc6 11.Bf2 Be7 12.O-O O-O 13.a3 f5 14.Ne2 Qc7 15.b4 a6
16.Nd4 Bd7 17.Qe2 Nxd4 18.Bxd4 Be8 19.c4 dxc4 20.Bxc4 Bf7 21.Rac1 Qc6 22.Bb3 Qb5
23.Qa2 a5 24.Rc7 Bd8 25.Bc4 Qe8 26.Rxb7 Qc6 27.Rb5 axb4 28.Rxb4  1/2-1/2

[Event "3rd ACP Blitz Prelim3"]
[Site "playchess.com INT"]
[Date "2004.06.02"]
[Round "3"]
[White "Fontaine,R"]
[Black "Kiriakov,P"]
[Result "1-0"]
[WhiteElo "2525"]
[BlackElo "2568"]

1.e4 e6 2.d4 d5 3.Nc3 Nf6 4.e5 Nfd7 5.f4 c5 6.Nf3 Nc6 7.Be3 a6 8.Qd2 b5 9.dxc5 b4
10.Na4 Qa5 11.Nb6 Nxb6 12.cxb6 Bc5 13.Bxc5 Qxc5 14.Qf2 Qxf2+ 15.Kxf2 Rb8
16.Bd3 Rxb6 17.Ke3 Ke7 18.h4 a5 19.h5 h6 20.g4 Ba6 21.g5 a4 22.Rag1 Rc8 23.gxh6 gxh6
24.Rg7 Bxd3 25.cxd3 Nd8 26.Nd4 Nc6 27.f5 Nxe5 28.fxe6 a3 29.b3 Rc3 30.exf7 Rxd3+
31.Ke2  1-0

[Event "3rd ACP Blitz Prelim3"]
[Site "playchess.com INT"]
[Date "2004.06.02"]
[Round "9"]
[White "Fontaine,R"]
[Black "Grabuzova,T"]
[Result "1/2-1/2"]
[WhiteElo "2525"]
[BlackElo "2348"]

1.e4 e6 2.d4 d5 3.Nc3 Nf6 4.e5 Nfd7 5.f4 c5 6.Nf3 Nc6 7.Be3 cxd4 8.Nxd4 Bc5
9.Qd2 Bxd4 10.Bxd4 Nxd4 11.Qxd4 Qb6 12.Qxb6 Nxb6 13.Nb5 Ke7 14.O-O-O Bd7
15.Nd4 Na4 16.c3 Nc5 17.Bd3 g5 18.fxg5 Rag8 19.h4 h6 20.Nf3 hxg5 21.Bc2 gxh4
22.Nxh4 Bb5 23.Rd4 Nd7 24.Re1 Rg5 25.a4 Bc6 26.Nf3 Rxg2 27.Rf4 Nc5 28.Rf1 Bxa4
29.Rxf7+ Kxf7 30.Ne1+ Ke7 31.Nxg2 Bxc2 32.Kxc2 Rh2 33.Rg1 Nd7 34.Kb3 Nxe5
35.Nf4 Nc4 36.Nd3 Kd6 37.Rg7 Rd2 38.Rg3 a5 39.Ka2 b5 40.Kb1 e5 41.Kc1 Re2
42.Rg6+ Kd7 43.Nc5+ Ke7 44.Re6+ Kf7 45.b3 Na3 46.Ra6 Rc2+ 47.Kd1 Rxc3 48.Nd7 Ke7
49.Nxe5 Rxb3 50.Nc6+ Kf7 51.Nxa5 Rf3  1/2-1/2

[Event "3rd ACP Blitz Prelim4"]
[Site "playchess.com INT"]
[Date "2004.06.03"]
[Round "6"]
[White "Berg,E"]
[Black "Volkov,S1"]
[Result "1/2-1/2"]
[WhiteElo "2495"]
[BlackElo "2629"]

1.e4 e6 2.d4 d5 3.Nc3 Nf6 4.e5 Nfd7 5.f4 c5 6.Nf3 a6 7.Be3 b5 8.Qd2 b4 9.Ne2 a5
10.dxc5 Nxc5 11.Ned4 Ne4 12.Bb5+ Bd7 13.Qe2 Bc5 14.O-O O-O 15.Bd3 Qb6 16.Rae1 Nc6
17.Nxc6 Bxc6 18.Kh1 Rfc8 19.Bxc5 Qxc5 20.Ng5 h6 21.Nf3 a4 22.Nd2 a3 23.b3 Nc3
24.Qh5 Bb5 25.f5 Bxd3 26.cxd3 exf5 27.Rxf5 Qe7 28.Ref1 Rf8 29.Nf3 Nxa2 30.Nd4 Nc3
31.Rf6 a2 32.Rxh6 gxh6 33.Nf5 Qe6 34.Nxh6+ Kg7 35.Nf5+ Qxf5 36.Qxf5 a1=Q
37.Qf6+ Kh7 38.Qh4+ Kg8 39.Qg5+ Kh7 40.Qh5+ Kg7 41.Qg4+ Kh6 42.Qh3+ Kg6 43.Qg3+ Kh7
44.Qh4+ Kg7 45.Qf6+ Kg8 46.Qg5+ Kh7 47.Qh5+ Kg7 48.Qg4+ Kh7 49.Qh4+  1/2-1/2

[Event "TCh-BIH"]
[Site "Neum BIH"]
[Date "2004.06.04"]
[Round "7"]
[White "Runic,Z"]
[Black "Stojanovic,Da"]
[Result "1-0"]
[WhiteElo "2374"]
[BlackElo "2437"]

1.e4 e6 2.d4 d5 3.Nc3 Nf6 4.e5 Nfd7 5.Nce2 c5 6.c3 cxd4 7.cxd4 f6 8.exf6 Nxf6
9.a3 Bd6 10.Nf3 O-O 11.Nf4 Ne4 12.Nd3 Nc6 13.Be3 Bd7 14.Be2 Be8 15.O-O Qf6
16.Rc1 Bh5 17.Nde1 Rac8 18.g3 Bg4 19.Kg2 Ne7 20.Rxc8 Rxc8 21.Ng1 Bxe2 22.Nxe2 Nf5
23.Bc1 Bc7 24.Nf3 Bb6 25.Bf4 Ned6 26.Bg5 Qf8 27.g4 Ne7 28.Re1 Ne4 29.Bxe7 Qxe7
30.Ng3 Ng5 31.Ne5 Nf7 32.Nf3 Ng5 33.Nxg5 Qxg5 34.Rxe6 Rf8 35.Re5 Qf4 36.f3 Qxd4
37.Qxd4 Bxd4 38.Rxd5 Bxb2 39.a4 Bf6 40.g5 Rd8 41.Rb5 a6 42.Rxb7 Bxg5 43.Ra7 Rd2+
44.Kh3 Bf4 45.Rxa6 Bxg3 46.hxg3 Ra2 47.Ra7 h6 48.f4 Kh7 49.f5 Rf2 50.Kg4 h5+
51.Kxh5 Rxf5+ 52.Kg4 Rc5 53.Rf7 Rc4+ 54.Rf4 Rc3 55.Rb4 Ra3 56.Kf4 Kg6 57.g4 Kf6
58.Rc4 Ra1 59.Ke4 Ke6 60.Kd4 Kd6 61.Kc3 Kd5 62.Rf4 Kc5 63.Rf5+ Kc6 64.Kb4 Rb1+
65.Ka5 Rb7 66.Rg5 Ra7+ 67.Kb4 Re7 68.a5 Kb7 69.Rg6 Rc7 70.Kb5 Ka7 71.a6 Re7
72.Kc5 Rf7 73.Kd5 Re7 74.Re6 Rf7 75.Ke5 Rf1  1-0

[Event "II Gyorgy Marx Mem IM"]
[Site "Paks HUN"]
[Date "2004.06.11"]
[Round "7"]
[White "Konnyu,J"]
[Black "Pap,G"]
[Result "1/2-1/2"]
[WhiteElo "2257"]
[BlackElo "2323"]

1.e4 e6 2.d4 d5 3.Nc3 Nf6 4.e5 Nfd7 5.Nce2 c5 6.c3 Nc6 7.f4 Qb6 8.Nf3 cxd4
9.Nexd4 Nc5 10.Bd3 Nxd3+ 11.Qxd3 Bd7 12.O-O Nxd4 13.Nxd4 Bc5 14.Be3 a5 15.b3 Rc8
16.Rfc1 O-O 17.a3 Bxd4  1/2-1/2

[Event "8th Open"]
[Site "Voronezh RUS"]
[Date "2004.06.13"]
[Round "2"]
[White "Manelis,V"]
[Black "Chebotarev,O"]
[Result "0-1"]
[WhiteElo "2267"]
[BlackElo "2442"]

1.e4 e6 2.d4 d5 3.Nc3 Nf6 4.e5 Nfd7 5.f4 c5 6.Nf3 Nc6 7.Be3 a6 8.Qd2 b5 9.dxc5 Bxc5
10.Bxc5 Nxc5 11.Qf2 Qb6 12.Bd3 Nb4 13.O-O Rb8 14.Rfd1 Na4 15.Nxa4 Qxf2+ 16.Kxf2 bxa4
17.Rd2 Ke7 18.Nd4 Bd7 19.Ke3 Rb6 20.c3 Nc6 21.Rf1 g6 22.Rff2 h5 23.g3 Na5
24.h3 Rc8 25.a3 Bb5 26.Nxb5 axb5 27.Rd1 Rbb8 28.Rh2 Nc4+ 29.Bxc4 Rxc4 30.Rd4 Rxd4
31.Kxd4 Rc8 32.Rd2 Rc4+ 33.Ke3 Re4+ 34.Kf3 Re1 35.Kf2 Rb1 36.Kf3 Kd7 37.Kf2 Kc6
38.Kg2 Kc5 39.Kf2 Kc4 40.Rd4+ Kb3 41.Rb4+ Ka2  0-1

[Event "8th Open"]
[Site "Voronezh RUS"]
[Date "2004.06.16"]
[Round "5"]
[White "Ziatdinov,R"]
[Black "Manelis,V"]
[Result "1/2-1/2"]
[WhiteElo "2424"]
[BlackElo "2267"]

1.e4 e6 2.d4 d5 3.Nc3 Nf6 4.e5 Nfd7 5.f4 c5 6.Nf3 Nc6 7.Be3 a6 8.Qd2 b5 9.Be2 Qb6
10.O-O cxd4 11.Nxd4 Bc5 12.Rfd1 O-O 13.a4 b4 14.Na2 Nxd4 15.Bxd4 Bxd4+ 16.Qxd4 Qxd4+
17.Rxd4 a5 18.c3 Nc5 19.Nc1 bxc3 20.bxc3 Rb8 21.Bb5 Rd8 22.c4 Bb7 23.cxd5 Rxd5
24.Rxd5 Bxd5 25.Ne2 Nb3 26.Rd1 Rc8 27.f5 g5 28.h4 gxh4 29.Nf4 Bc4 30.Bxc4 Rxc4
31.Rd8+ Kg7 32.Nxe6+ Kh6 33.Rd6 Kh5 34.Nd8 Kg4 35.e6 fxe6 36.fxe6 Nd4 37.Rd7 Rc1+
38.Kf2 Rc2+ 39.Ke1 Nf5 40.e7 Nxe7 41.Rxe7 Rxg2 42.Re4+ Kg3 43.Re3+ Kf4 44.Rc3 Ra2
45.Ne6+ Kg4 46.Rc4+ Kg3 47.Rc3+ Kg4 48.Rc4+ Kg3 49.Ng5 h6 50.Ne4+ Kg2 51.Nd2 Kg3
52.Ne4+ Kg2 53.Nc3 Ra1+ 54.Ke2 Kg3 55.Ne4+ Kg2 56.Nd2 Kg3 57.Nf1+ Kh3 58.Kf2 h5
59.Nd2 Ra3 60.Rf4 Ra2 61.Rd4 Ra3 62.Nf3 Ra2+ 63.Ke3 Kg3 64.Nxh4 Ra3+ 65.Kd2 Ra2+
66.Kc3 Rh2 67.Nf5+ Kf3 68.Kc4 Rb2 69.Kc5 Rb8 70.Kc6 Rf8 71.Nh4+ Ke3  1/2-1/2

[Event "8th Open"]
[Site "Voronezh RUS"]
[Date "2004.06.17"]
[Round "6"]
[White "Gajsin,E"]
[Black "Provotorov,I"]
[Result "1-0"]
[WhiteElo "2404"]
[BlackElo "2337"]

1.e4 e6 2.d4 d5 3.Nc3 Nf6 4.e5 Nfd7 5.f4 c5 6.Nf3 Nc6 7.Be3 cxd4 8.Nxd4 Bc5
9.Qd2 a6 10.O-O-O O-O 11.h4 Nxd4 12.Bxd4 b5 13.Rh3 Bb7 14.Kb1 Bxd4 15.Qxd4 f6
16.exf6 Qxf6 17.Ne2 e5 18.fxe5 Nxe5 19.Rc3 Nc4 20.Rf3 Qxd4 21.Nxd4 Rxf3 22.gxf3 Rf8
23.Bh3 Rf4 24.Be6+ Kh8 25.b3 Ne3 26.Rd3 Ng2 27.h5 Ne1 28.Rc3 Rxd4 29.Rc7 g6
30.h6 Rh4 31.Rg7  1-0